000
00239nam a2200097Ia 4500
008
190216s9999||||xx |||||||||||||| ||und||
100
_a
Bhageerath Misra
245
0
_a
Hindiachi Hindi Kaise Likham
260
_b
Prabhath Prakasan
942
_c
BK
999
_c
16994
_d
16994